000 00458nam a2200169Ia 4500
999 _c1420
_d1420
003 OSt
005 20200925112415.0
008 190216s9999||||xx |||||||||||||| ||und||
040 _coclc
082 _a576.5
_bVER/G
100 _aVerma, P S
_94907
245 0 _aGenetics /
_cP S Verma ; V K Agarwal
260 _bS Chand & Co,
_c1989.
_aNew Delhi:
300 _a580p
650 _aBotany
942 _cBK
_2ddc
_h576.5
_iVER/G
_k576.5
_mVER/G